00570nam a2200157 a 4500003000400000005001700004008004100021020001500062040000900077082001900086245009200105260006500197942001500262999001500277952012000292OSt20260504054010.0950411s1994 ne ab b 000 0 eng d a9051460422 cIRDP a307.09 678 TAN00aTanzania:bevaluation of the Netherlands development programme with Tanzania, 1970-1992 aThe Hague:bNetherlands Development Cooperation,c1970-1992. 2ddccBOOKS c9536d9536 00102ddc4070a1000b1000cGround Floor d2026-05-04l0o307.09 678 TANpLIB003634r2026-05-04w2026-05-04yBOOKS